000
00308nam a2200133Ia 4500
008
191201s2011 xx 000 0 und d
100
_a
JOSHI,Rakesh mohan
245
0
_a
International Marketing
250
_a
IMP 5th
260
_c
2011
_b
Oxford
_a
N. delhi
300
_a
750
650
_a
MBA
942
_2
ddc
_c
BB
999
_c
7532
_d
7532